|
|
|
|
| LEADER |
00000cam a2200000 7i4500 |
| 001 |
0000004524 |
| 005 |
20151222.0 |
| 008 |
070730 |
| 020 |
|
|
|a 8128615993
|
| 090 |
0 |
0 |
|a JF
|b ENC ENG
|
| 100 |
1 |
|
|a Tames, Richard
|
| 245 |
1 |
0 |
|a Great lives
|c Richard Tames
|
| 260 |
|
|
|a India :
|b Euro Books ,
|c 2005
|
| 440 |
|
0 |
|a Disney children's encyclopedia
|
| 500 |
|
|
|a Children ages 7-9 years old (orange)
|
| 650 |
|
0 |
|a Encylopedia
|x English
|x Languages
|
| 710 |
0 |
|
|a Title
|
| 999 |
|
|
|a 0001142965
|b Book
|c REFERENCE
|e Cawangan Pontian
|
| 999 |
|
|
|a 0001142966
|b Book
|c REFERENCE
|e Cawangan Bukit Gambir
|
| 999 |
|
|
|a 0001142967
|b Book
|c REFERENCE
|e Cawangan Mersing
|
| 999 |
|
|
|a 0001227463
|b Book
|c Children Collection
|e Cawangan AEON Kulaijaya
|